| 000 | 01601nam a2200301 a 4500 | ||
|---|---|---|---|
| 008 | 120221s2009 ||||||||||||||||| || u | ||
| 020 | _a9780443068119 | ||
| 050 | _aQM 601 Lar | ||
| 100 | _aBleyl, Steven B | ||
| 245 | 1 | 0 |
_aLarsen's human embryology. ( 4th ed.) _cby Gary C. Schoenwolf |
| 250 | _a4th ed. | ||
| 260 |
_aPhiladelphia, PA _bChurchill Livingstone _c2009 |
||
| 300 | _axix, 687p.: ill. | ||
| 350 | _a84.95 | ||
| 500 | _aBibliography | ||
| 650 | 3 | _aEMBRYONIC DEVELOPMENT | |
| 650 | _aFETAL DEVELOPMENT | ||
| 650 | _aEMBRYOLOGY, HUMAN | ||
| 650 | _aEMBRYOLOGY | ||
| 700 | _aSchoenwolf, Gary C | ||
| 700 | _aFrancis-West, Philippa H | ||
| 700 | _aBrauer, Philip R | ||
| 995 |
_aSHORT LOAN BOOKS _e902416 _FCBU-SCHOOL OF MEDICINE LIBRARY (Ndola) _I0.00 _jQM 601 Lar _M2 _UAVAILABLE _WApr 16, 2014 _y902416 _ZMedical Library Open Access Collection |
||
| 995 |
_aMEDICAL LIBRARY OPEN ACCESS _e901568 _FCBU-SCHOOL OF MEDICINE LIBRARY (Ndola) _I0.00 _jQM 601 Lar _M1 _UOUT _WJun 25, 2012 _y901568 _ZMedical Library Open Access Collection |
||
| 995 |
_aMEDICAL LIBRARY OPEN ACCESS _e902417 _FCBU-SCHOOL OF MEDICINE LIBRARY (Ndola) _I0.00 _jQM 601 Lar _M3 _UAVAILABLE _WApr 16, 2014 _y902417 _ZMedical Library Open Access Collection |
||
| 995 |
_aMICHAEL CHILUFYA SATA OPEN ACCESS _e902418 _FCBU-SCHOOL OF MEDICINE LIBRARY (Ndola) _I0.00 _jQM 601 Lar _M4 _UAVAILABLE _WApr 16, 2014 _y902418 _ZMedical Library Open Access Collection |
||
| 995 |
_aMEDICAL LIBRARY OPEN ACCESS _e903294 _FCBU-SCHOOL OF MEDICINE LIBRARY (Ndola) _I84.95 _jQM 601 Lar _M5 _UOUT _WNov 30, 2015 _y903294 _ZMedical Library Open Access Collection |
||
| 999 |
_c64330 _d64330 |
||